| 000 | 00413nam a22001577a 4500 | ||
|---|---|---|---|
| 003 | OSt | ||
| 008 | 250830b |||||||| |||| 00| 0 eng d | ||
| 041 | _aeng | ||
| 082 |
_a894.8123 _bMEE/EL |
||
| 100 | _aMeera, K. R. | ||
| 245 |
_aEllavidha pranayavum / _bഎല്ലാവിധ പ്രണയവും |
||
| 260 |
_aKottayam : _bD.C. Books, _c2025. |
||
| 300 | _a110 p. | ||
| 650 |
_aNovel _94288 |
||
| 942 | _cBK | ||
| 999 |
_c19484 _d19484 |
||